Countries Closest to Romania - One Minute Sprint - Statistics

General Stats
  • This quiz has been taken 172 times
  • The average score is 16 of 20
Answer Stats
km country % Correct
0 Bulgaria
97%
0 Ukraine
97%
0 Serbia
96%
0 Moldova
94%
0 Hungary
92%
235 Greece
86%
107 Croatia
84%
220 Russia
83%
68 Slovakia
82%
101 Poland
79%
221 Montenegro
77%
129 Bosnia and Herzegovina
76%
284 Slovenia
76%
266 Albania
75%
201 Turkey
72%
156 Kosovo
71%
322 Czechia
69%
170 Macedonia
69%
304 Austria
66%
365 Belarus
64%
No matching quizzes found
Score Distribution
Percent of People with Each Score
Percentile by Number Answered
Your Score History
You have not taken this quiz